000 00322nam a22001457a 4500
003 OSt
005 20220114102041.0
008 220114b |||||||| |||| 00| 0 eng d
020 _a9788126508365
040 _cHU
082 _a551.49
100 _aTodd
_927807
245 _aGroundwater Hydrology
942 _2ddc
_cBOOKS
_n0
999 _c27002
_d27002